| 000 | 03229ncm0a2200517 4500 | ||
|---|---|---|---|
| 001 | RU\NLR\ONIZ\293028 | ||
| 005 | 20260215045230.0 | ||
| 035 | _a(NLR Aleph) 022722318 | ||
| 071 | 2 | 0 | _aН. 943 Д. |
| 090 |
_a13550486 _c13550486 |
||
| 100 | _a20221101d1908 u y0rusy50 ca | ||
| 101 | 0 |
_ager _arus |
|
| 102 | _aRU | ||
| 125 | _aa| | ||
| 128 |
_awz _aopt |
||
| 145 | 0 | _ac | |
| 200 | 1 |
_aЕсли я любви желаю _bНоты _eвальс из оперетты "Король" _dWill ich einen Liebsten haben _eWalzerlied aus der Operette "Die Förster-Christel" _e[для голоса и фортепиано] _zger _fГ. Ярно _gслова М. Г. Ярона |
|
| 203 |
_aМузыка _bзнаковая _bвизуальная _cнепосредственная |
||
| 210 |
_aС.-Петербург _cНиколай Христианович Давингоф _d[1908] |
||
| 215 |
_a5 с. _cфотопортр., цв. ил. _d31 см |
||
| 225 | 1 |
_aКороль _eоперетка _fмузыка Г. Ярно _v[№] 6 |
|
| 300 | _aФотопортр. Н. Ф. Монахова: тит. л. | ||
| 300 | _aНа тит. л. реклама вок. номера из оперетты "Король" Г. Ярно "Сердца горят" | ||
| 300 | _aПросп. сер.: тит. л. | ||
| 300 | _aПеред нот. текстом: Ф. Ф. 172, т. е. серия "Frou-frou № 172" | ||
| 313 | _aСистематизация документа проведена по изданию - Методика классифицирования музыкальных произведений (нотных изданий) по таблицам Библиотечно-библиографических классификаций : метод. рекомендации / Гос. б-ка СССР им. В.И. Ленина.- М., 1977. Индексу ББК методических рекомендаций присваивается код ББК для научных библиотек - LBC/SL | ||
| 500 | 0 | 0 |
_aКороль _bНоты _lОперетта |
| 606 | 1 |
_aВокальная музыка венгерская _z19-20 вв. _jНоты _2nlr_sh |
|
| 606 | 1 |
_aМузыка оперетт вокальная _yВенрия _z19-20 вв. _jНоты _2nlr_sh |
|
| 606 | 1 |
_aВальсы вокальные _yВенгрия _z19-20 вв. _jНоты _2nlr_sh |
|
| 606 | 1 |
_aАрии из оперетт _yВенгрия _z19-20 вв. _jНоты _2nlr_sh |
|
| 686 | 0 | _aЩ943.4-42-071(4Вн) | |
| 700 | 1 |
_9z01790 _aЯрно _bГ. _f1868-1920 _gГеорг _4230 _7ca |
|
| 702 | 1 |
_9z04790 _aЯрон _bМ. Г. _f2-я пол. 19 - нач. 20 в. _gМарк Григорьевич _4520 _7ca |
|
| 702 | 1 |
_9z05790 _aМонахов _bН. Ф. _cбаритон _f1875-1936 _gНиколай Федорович _4721 _7ca |
|
| 790 | 1 |
_9z01700 _aJarno _bG. _f1868-1920 _gGeorg _4230 _7ba |
|
| 790 | 1 |
_9z04702 _aJaron _bM. _f2-я пол. 19 - нач. 20 в. _gMark _4520 _7ba |
|
| 790 | 1 |
_9z05702 _aMonachov _bN. _f1875-1936 _gNikolaj _4721 _7ba |
|
| 801 | 0 |
_aRU _bNLR _c20221101 _gPSBO |
|
| 801 | 1 |
_aRU _bNLR _c20221101 _2rusmarc |
|
| 801 | 2 |
_aRU _bNLR _c20221101 |
|
| 852 |
_aNLR _gМ _jК-4/5572 _m269280 _t1 |
||
| 942 | _cSCORE | ||
| 980 | _aONIZ | ||
| 980 | _aNB | ||